The humanity of God. (Record no. 18676)
[ view plain ]
| 000 -LEADER | |
|---|---|
| fixed length control field | 00619nam a2200169 4500 |
| 008 - FIXED-LENGTH DATA ELEMENTS--GENERAL INFORMATION | |
| fixed length control field | 040120s1960 inu 000 0 eng |
| 090 ## - LOCALLY ASSIGNED LC-TYPE CALL NUMBER (OCLC); LOCAL CALL NUMBER (OCLC) | |
| Classification number (OCLC) (R) ; Classification number, CALL (RLIN) (NR) | BT28 |
| Local cutter number (OCLC) ; Book number/undivided call number, CALL (RLIN) | B28h |
| 100 1# - MAIN ENTRY--PERSONAL NAME | |
| Personal name | Barth, Karl, |
| Dates associated with a name | 1886-1968. |
| 245 14 - TITLE STATEMENT | |
| Title | The humanity of God. |
| 260 ## - PUBLICATION, DISTRIBUTION, ETC. (IMPRINT) | |
| Place of publication, distribution, etc | Richmond : |
| Name of publisher, distributor, etc | John Knox Press, |
| Date of publication, distribution, etc | [1960] |
| 300 ## - PHYSICAL DESCRIPTION | |
| Extent | 96 p. |
| Dimensions | 21 cm. |
| 505 0# - FORMATTED CONTENTS NOTE | |
| Formatted contents note | Evangelical theology in the 19th century.--The humanity of God.--The gift of freedom. |
| 650 #4 - SUBJECT ADDED ENTRY--TOPICAL TERM | |
| Topical term or geographic name as entry element | Liberty. |
| 650 #4 - SUBJECT ADDED ENTRY--TOPICAL TERM | |
| Topical term or geographic name as entry element | Theology, Doctrinal |
| General subdivision | History |
| Chronological subdivision | 19th century. |
| 650 #4 - SUBJECT ADDED ENTRY--TOPICAL TERM | |
| Topical term or geographic name as entry element | Theology, Doctrinal |
| General subdivision | History |
| Chronological subdivision | 20th century. |
| 951 ## - EQUIVALENCE OR CROSS-REFERENCE-GEOGRAPHIC NAME/AREA NAME [OBSOLETE] [CAN/MARC only] | |
| General subdivision | 00005560 |
| 951 ## - EQUIVALENCE OR CROSS-REFERENCE-GEOGRAPHIC NAME/AREA NAME [OBSOLETE] [CAN/MARC only] | |
| -- | 10451 |
| -- | BT28/B28h |
| -- | 070613111332687 |
| -- | 2000-12-21 |
| -- | GC |
| Withdrawn status | Lost status | Damaged status | Not for loan | Home library | Current library | Shelving location | Date acquired | Accession number | Shelving control number | Total Checkouts | Full call number | Barcode | Date last seen | Price effective from | Koha item type |
|---|---|---|---|---|---|---|---|---|---|---|---|---|---|---|---|
| BSOP Library | BSOP Library | GC | 12/21/2000 | 10451 | 127 | BT28/B28h | 00005560 | 02/23/2013 | 02/23/2013 | Books |
